000 00737cam3a220024100 4500
001 zam00003461
008 951128s1973 xx eng u
035 _a(Sirsi) r20789
035 _a(MACHINE)SLC.
100 1 _aWilson, Barry Robert, 1935-
_dWilson, Barry Robert, 1935-
_6A82263.1
245 1 0 _aMagic and the Millenniam.
260 _c1973.
949 _aBT891
_wlcc
_i-19827
_mMAIN
_tBOOK
_lON-SHELF
949 _aBT891
_wlcc
_i-19828
_mMAIN
_tBOOK
_lON-SHELF
004 20789
591 _aClass code: S 940.
591 _aCourse: Sociology of religion.
591 _aSchool: S03.
591 _aLecturer: Fr. FLYNN, E.
591 _aNumber of Students: 25.
900 _2MAIN
_8BT891
_9WIL
_c2
909 _aBook
999 _c172823
_d172823